000 00425nam a2200157Ia 4500
005 20241029101024.0
008 240126s9999 xx 000 0 und d
020 _a9788184950281
082 _a813.08 XAV;1 R
100 _aXavier, G Francis.
245 0 _a101 inspiring stories : principles for successful living
260 _bJaico Publishing
_aAhmedabad
_c2018
300 _axvi, 187
440 _aNULL
942 _cPU
999 _c285951
_d285951